"Distruggere la maniera?" : die Carracci-Postille

Saved in:
Bibliographic Details
Main Authors: Keazor, Henry (Author)
Carracci, Annibale (Author)
Document Type: Book
Language:German
Italian
Published: Freiburg im Breisgau : Rombach , 2002
Edition:1. Aufl.
Series:Rombach-Wissenschaften / Reihe Quellen zur Kunst 19
Subjects:
Online Access:Inhaltsverzeichnis
Rezension
Rezension
Rezension
Inhaltsverzeichnis
Related Items:Rezensiert in: [Rezension von: Henry Keazor, "Distruggere la maniera"?]
Author Notes:Henry Keazor
LEADER 05082cam a2201069 c 4500
001 350518106
003 DE-627
005 20260611224219.0
007 tu
008 020715s2002 gw ||||| 00| ||ger c
015 |a 02,A30,1345  |2 dnb 
016 7 |a 964201992  |2 DE-101 
020 |a 9783793093077  |q  : Pp. : EUR 15.30  |9 978-3-7930-9307-7 
020 |a 3793093077  |q Pp. : EUR 15.30  |9 3-7930-9307-7 
024 3 |a 9783793093077 
035 |a (DE-627)350518106 
035 |a (DE-603)105436771 
035 |a (DE-576)099500876 
035 |a (DE-599)DNB964201992 
035 |a (OCoLC)237550099 
035 |a (OCoLC)50052912 
035 |a (AT-OBV)AC03453786 
040 |a DE-627  |b ger  |c DE-627  |e rakwb 
041 |a ger  |a ita 
044 |c XA-DE  |c XA-IT 
050 0 |a ND615 
084 |a 46  |2 sdnb 
084 |a 9,10  |2 ssgn 
084 |a LI 21485  |2 rvk  |0 (DE-625)rvk/95737: 
084 |a 20.31  |2 bkl 
084 |a 21.00  |2 bkl 
100 1 |a Keazor, Henry  |d 1965-  |0 (DE-588)13374423X  |0 (DE-627)555751465  |0 (DE-576)300066929  |4 aut 
245 1 0 |a "Distruggere la maniera?"  |b die Carracci-Postille  |c Henry Keazor 
246 3 3 |a Postille 
250 |a 1. Aufl. 
264 1 |a Freiburg im Breisgau  |b Rombach  |c 2002 
300 |a 147 S.  |b Ill.  |c 21 cm 
336 |a Text  |b txt  |2 rdacontent 
337 |a ohne Hilfsmittel zu benutzen  |b n  |2 rdamedia 
338 |a Band  |b nc  |2 rdacarrier 
490 1 |a Rombach Wissenschaften  |a Reihe Quellen zur Kunst  |v 19 
500 |a Literaturverz. S. 137 - 147 
546 |a Text überw. dt., teilw. ital. 
583 1 |a Archivierung/Langzeitarchivierung gewährleistet  |f PEBW  |x XA-DE-BW  |2 pdager  |5 DE-31 
583 1 |a Archivierung/Langzeitarchivierung gewährleistet  |f SSG  |x XA-DE-BW  |2 pdager  |5 DE-16 
600 1 0 |a Carracci, Annibale 
600 1 0 |a Vasari, Giorgio  |x Scholia 
600 1 0 |a Vasari, Giorgio  |x Vite de' più eccellenti pittori, scultori et architettori 
600 1 7 |0 (DE-588)118519255  |0 (DE-627)133826651  |0 (DE-576)160530091  |a Carracci, Annibale  |d 1560-1609  |2 gnd 
650 0 |a Painting, Italian  |x Early works to 1800  |x 16th century 
650 0 |a Mannerism (Art)  |x Early works to 1800  |x Italy 
650 0 7 |0 (DE-588)4037220-0  |0 (DE-627)10623871X  |0 (DE-576)209022892  |a Malerei  |2 gnd 
650 0 7 |0 (DE-588)4059787-8  |0 (DE-627)106142275  |0 (DE-576)209132256  |a Theorie  |2 gnd 
655 7 |a Quelle  |0 (DE-588)4135952-5  |0 (DE-627)105661236  |0 (DE-576)209665084  |2 gnd-content 
689 0 0 |d p  |0 (DE-588)118519255  |0 (DE-627)133826651  |0 (DE-576)160530091  |a Carracci, Annibale  |d 1560-1609  |2 gnd 
689 0 1 |d s  |0 (DE-588)4037220-0  |0 (DE-627)10623871X  |0 (DE-576)209022892  |a Malerei  |2 gnd 
689 0 2 |d s  |0 (DE-588)4059787-8  |0 (DE-627)106142275  |0 (DE-576)209132256  |a Theorie  |2 gnd 
689 0 |5 DE-101 
689 1 0 |d p  |0 (DE-588)118519255  |0 (DE-627)133826651  |0 (DE-576)160530091  |a Carracci, Annibale  |d 1560-1609  |2 gnd 
689 1 1 |d s  |0 (DE-588)4037220-0  |0 (DE-627)10623871X  |0 (DE-576)209022892  |a Malerei  |2 gnd 
689 1 2 |d s  |0 (DE-588)4059787-8  |0 (DE-627)106142275  |0 (DE-576)209132256  |a Theorie  |2 gnd 
689 1 |5 DE-101 
689 2 0 |d p  |0 (DE-588)118519255  |0 (DE-627)133826651  |0 (DE-576)160530091  |a Carracci, Annibale  |d 1560-1609  |2 gnd 
689 2 1 |d s  |0 (DE-588)4037220-0  |0 (DE-627)10623871X  |0 (DE-576)209022892  |a Malerei  |2 gnd 
689 2 2 |d s  |0 (DE-588)4059787-8  |0 (DE-627)106142275  |0 (DE-576)209132256  |a Theorie  |2 gnd 
689 2 |5 (DE-627) 
700 1 |a Carracci, Annibale  |d 1560-1609  |0 (DE-588)118519255  |0 (DE-627)133826651  |0 (DE-576)160530091  |4 aut 
787 0 8 |i Rezensiert in  |a Roettgen, Steffi, 1941 -   |t [Rezension von: Henry Keazor, "Distruggere la maniera"?]  |d 2004  |w (DE-627)1919825568 
830 0 |a Rombach-Wissenschaften / Reihe Quellen zur Kunst  |v 19  |9 19  |w (DE-627)227369475  |w (DE-576)059005947  |w (DE-600)1379815-7  |7 am 
856 4 2 |u http://d-nb.info/964201992/04  |m B:DE-101  |q pdf/application  |v 20161126003402  |x Verlag  |3 Inhaltsverzeichnis  |7 1 
856 4 2 |u https://swbplus.bsz-bw.de/bsz099500876rez.htm  |m V:DE-576  |v 2005-05-24  |3 Rezension  |7 1 
856 4 2 |u http://www.sehepunkte.de/2004/02/4277.html  |m V:DE-576;X:Sehepunkte  |q text/html  |v 20180424122846  |3 Rezension  |7 1 
856 4 2 |u http://scans.hebis.de/HEBCGI/show.pl?10543677_rez.pdf  |m V:DE-576  |q application/pdf  |3 Rezension  |7 1 
856 4 2 |u http://scans.hebis.de/HEBCGI/show.pl?10543677_toc.pdf  |m V:DE-605  |q application/pdf  |3 Inhaltsverzeichnis  |7 1 
889 |w (DE-627)399894691 
935 |i Blocktest 
936 r v |a LI 21485  |b Carracci, Familie: Annibali Caracci u.a.  |k Kunstgeschichte  |k Künstler-Monografien  |k Alphabetische Künstlerliste  |k Künstler C  |k Carracci, Familie: Annibali Caracci u.a.  |0 (DE-627)1270915010  |0 (DE-625)rvk/95737:  |0 (DE-576)200915010 
936 b k |a 20.31  |j Bildende Künstler  |0 (DE-627)181571080 
936 b k |a 21.00  |j Malerei: Allgemeines  |0 (DE-627)10640671X 
936 s n |a l300  |2 mzub 
951 |a BO 
990 |a Carracci, Annibale 
990 |a Malerei 
990 |a Theorie 
990 |a Carracci, Annibale 
990 |a Malerei 
990 |a Theorie 
990 |a Carracci, Annibale 
990 |a Malerei 
990 |a Theorie 
991 |a Rezensiertes Werk 
999 |a KXP-PPN350518106  |e 4986071416